Регионална библиотека "Любен Каравелов" - Русе

Фокусникът от Аушвиц (Запис номер 495932)

MARC детайли
000 -Лидер
Лидер 01230nam a2200301 c 4500
003 - Код на организацията, давaща контролен номер
Код на организацията, даваща контролен номер BLK
005 - Дата и час на последна редакция
Дата и час на последна редакция 20250723121040.0
008 - Елементи от данни с фиксирана дължина
Елементи с фиксирана дължина 180411b bul|||||r ||||||| ||bul||
020 ## - Международен стандартен номер на книга ISBN
ISBN 9789542622949
040 ## - Източник на каталожния запис
Код на библиотеката BLK
041 ## - Код за език
Език Български
Език за КДБФ Български
080 ## - УДК
УДК текст Португалска литература
УДК код 821.134.3
УДК – определител -31
УДК – код + определител 821.134.3-31
084 ## - Класификационен индекс по друга класификация
Авторски знак Сан - С 18
100 1# - Редна дума - Автор
Автор Сантуш, Жозе Родригеш душ
R(LIN) 266382
245 10 - Сведения за заглавието
Заглавие Фокусникът от Аушвиц
Подзаглавни данни Роман
Авторска отговорност Жозе Родригеш душ Сантуш; прев. от португ. Дарина Бойкова Миланова
257 ## - Страна на издаване
Страна на създаване/издаване Португалия
260 ## - Област на издателските данни
Място на издаване Пловдив
Име на издателя Хермес
Година на издаване 2023
Печатница Костинброд : Мултипринт
300 ## - Физическа характеристика
Брой страници 336 с.
Размер 21 см
380 ## - Жанр
Жанр Худож. лит.
500 ## - Общи забележки
Обща забележка Ориг. загл.: O Manuscrito de Birkenau / Jose Rodrigues dos Santos.
700 1# - Други автори (авторска отговорност)
Друг автор Миланова, Дарина Бойкова
Авт. отговорност на др. автор прев. от португ.
9 (RLIN) 382214
856 4# - Електронен адрес и достъп
Електронен формат pdf - файл
856 4# - Електронен адрес и достъп
Електронен формат pdf - файл
942 ## - АРТИКУЛИ
Вид на библиотечния документ Книги
Скрит в OPAC Не
Koha issues (borrowed), all copies 98
944 ## - СЪЗДАВАНЕ И РЕДАКЦИЯ на ЗАПИСА
Дата на регистрацията/редакция Диана Гривева
Служител, извършил регистрацията/редакцията 30530
Номер на служител Минев Младен
999 ## - СИСТЕМНИ КОНТРОЛНИ НОМЕРА
Koha biblionumber 495932
Koha biblioitemnumber 495932
999 ## - СИСТЕМНИ КОНТРОЛНИ НОМЕРА
Koha biblioitemnumber 495932
Наличности
Код за отписване Код за изгубен артикул Източник на класификационната схема Код за повреда Код за отдаване Артикулен № Име на библиотеката - собственик Име на библиотеката, в която се намира в момента Статус (Текущо местоположение) Дата на вписване в системата Местоположение - отдел Цена в лева Инвентарен номер Систематично азбучна сигнатура Баркод Цена в евро Служебен тип на артикула Коз за рестрикции
  Не е изгубен Universal Decimal Classification Не е повреден заемане за дома 934514 Регионална библиотека "Любен Каравелов" Русе Регионална библиотека "Любен Каравелов" Русе Заемна - подръчен фонд 2023-10-06 Заемна - подръчен фонд 13.97 120000893681 821-31/С 18 Ж 120000893681 7.14 Книги  
  Не е изгубен Universal Decimal Classification Не е повреден заемане за дома 934515 Регионална библиотека "Любен Каравелов" Русе Регионална библиотека "Любен Каравелов" Русе Заемна - подръчен фонд 2023-10-06 Заемна - подръчен фонд 13.97 120000893682 821-31/С 18 Ж 120000893682 7.14 Книги  
  Не е изгубен Universal Decimal Classification Не е повреден ползва се в читалня 944970 Регионална библиотека "Любен Каравелов" Русе Регионална библиотека "Любен Каравелов" Русе Хранилище 2024-07-02 Хранилище 19.95 120000910097 Цб 323473 120000910097 10.20 Книги само за читалня
Vip Innovations Ltd, Rousse, Bulgaria 2025